000 00471nam a2200181Ia 4500
003 GCL
005 20240530100645.0
008 140319s9999 xx 000 0 eng d
040 _aGCL /
_cGCL
082 0 4 _a230
_bM P
100 1 _aMOUBARAC, Y
245 1 0 _aPENTALOGIE ANTIOCHIENNEL DOMAINE MARONITE /
_cMOUBARAC, Y
260 _a[S.N] :
_bCENACLE LIBANANAIS ،
_c1984
650 0 4 _aCHURCHES
650 0 4 _aMARONITES
650 0 4 _aEASTERN CHURCHES
942 _2ddc
_cBK
999 _c19332
_d19332